[Event "XXIX Cracovia 2018"]
[Site "Krakow"]
[Date "2018.12.31"]
[Round "6"]
[White "Heinzel, Olaf"]
[Black "Chylewski, Patryk"]
[Result "1/2-1/2"]
[WhiteElo "2326"]
[BlackElo "2268"]
[Annotator "NA"]
[PlyCount "41"]
[EventDate "2018.12.27"]
[EventType "swiss"]
[EventCountry "POL"]
[SourceTitle "playchess.com"]
[Source "ChessBase"]
[SourceQuality "1"]
[TimeControl "40/5400+30:1800+30"]

1. d4 {[%emt 0:00:00]} d5 {[%emt 0:00:00]} 2. Bf4 {[%emt 0:00:00]} Nf6 {[%emt 0:00:00]} 3. e3 {[%emt 0:00:00]} e6 {[%emt 0:00:00]} 4. Nd2 {[%emt 0:00:06]} c5 {[%emt 0:00:08]} 5. c3 {[%emt 0:00:10]} Nc6 {[%emt 0:00:06] LiveBook: 653 Games} 6. Ngf3 {[%emt 0:01:44]} cxd4 {[%emt 0:00:08]} 7. exd4 {[%emt 0:00:15] D02: 1 d4 d5 2 Nf3 sidelines, including 2...Nf6 3 g3 and 2...Nf6 3 Bf4} Nh5 {[%emt 0:00:06]} 8. Be3 {[%emt 0:01:12]} Bd6 {[%emt 0:00:06]} 9. Ne5 {[%emt 0:02:04]} (9. Bd3 Nf4 10. Bxf4 Bxf4 11. g3 Bd6 12. O-O O-O 13. Re1 Bd7 14. h4 h6 {1-0 (44) Caruana,F (2822)-Aronian,L (2767) chess.com INT 2018}) 9... g6 {[%emt 0:00:09]} 10. f4 {[%emt 0:07:53]} O-O $146 {[%emt 0:08:18]} ({Predecessor:} 10... Ng7 11. Bd3 f6 12. Nef3 Nf5 13. Qe2 Qc7 14. g3 Bd7 {1-0 (45) Duda,J (2717)-Bosiocic,M (2624) Katowice 2017}) 11. Be2 {[%emt 0:04:04]} Ng7 {[%emt 0:00:28]} 12. O-O {[%emt 0:05:41]} Qc7 {[%emt 0:07:47]} 13. Ndf3 {[%emt 0:07:00]} Na5 {[%emt 0:06:53]} 14. b4 {[%emt 0:08:25]} Nc6 {[%emt 0:01:36]} 15. Qd2 {[%emt 0:02:07]} f6 {[%emt 0:12:26]} 16. Nd3 {[%emt 0:01:17]} b6 {[%emt 0:02:16]} 17. a4 {[%emt 0:05:35]} Bb7 {[%emt 0:05:47]} 18. Rfe1 $11 {[%emt 0:05:24]} Rac8 {[%emt 0:02:05]} 19. Rac1 {[%emt 0:00:36]} Qd7 {[%emt 0:01:51]} 20. Qa2 {[%emt 0:07:25]} Kh8 {[%emt 0:05:00]} 21. Bf1 {[%emt 0:05:21]} 1/2-1/2

[Event "XXIX Cracovia 2018"]
[Site "Krakow"]
[Date "2018.12.31"]
[Round "6"]
[White "Naboka, Sergey"]
[Black "Gombocz, Ferenc Jr."]
[Result "1/2-1/2"]
[WhiteElo "2324"]
[BlackElo "2263"]
[Annotator "NA"]
[PlyCount "196"]
[EventDate "2018.12.27"]
[EventType "swiss"]
[EventCountry "POL"]
[SourceTitle "playchess.com"]
[Source "ChessBase"]
[SourceQuality "1"]
[TimeControl "40/5400+30:1800+30"]

1. e4 e5 2. Nf3 Nc6 3. Bb5 g6 4. d4 exd4 5. Bg5 Be7 6. Bxe7 Qxe7 7. Bxc6 dxc6 8. Qxd4 Nf6 9. Nc3 Bg4 {C60: Ruy Lopez: Unusual Black 3rd moves and 3...g6} 10. Nd2 (10. O-O-O Bxf3 11. gxf3 a5 12. Qe3 Nd7 13. Ne2 O-O-O 14. Qa7 Qc5 15. Qxc5 Nxc5 16. h4 Ne6 17. h5 Rxd1+ 18. Kxd1 {½-½ (50) Kobalia,M (2620)-Paravyan,D (2629) Sochi 2018}) 10... c5 11. Qe3 Bd7 12. O-O $146 ({Predecessor:} 12. f3 Bc6 13. O-O O-O-O 14. Rad1 Kb8 15. Rfe1 Rhe8 16. Qg5 b6 17. Nf1 {1-0 (53) Priasmoro,N (2282)-Cherednichenko,E (2182) Pardubice 2014}) 12... O-O 13. f4 Rad8 14. Nf3 Rfe8 15. Rae1 b5 16. Ne5 b4 17. Ne2 Bb5 18. Rf3 Nd7 19. Nxd7 Rxd7 20. Ng3 {[#]} Qd6 $2 (20... f5 $1 $11 {[%mdl 512]}) 21. e5 Qd2 22. Ne4 {Double Attack} Qxe3+ 23. Rfxe3 Kf8 24. Nf6 Rd2 25. Nxe8 $18 Kxe8 26. a4 Bxa4 27. R3e2 Rxc2 28. Rxc2 Bxc2 29. Ra1 c4 30. Rxa7 c3 31. bxc3 b3 32. Rb7 Kd7 33. c4 Kc6 34. Rb5 Bd3 35. Rxb3 Bxc4 36. Rb8 Kd5 37. Kf2 Ke4 38. g3 Be6 39. Ke2 c5 40. Rb7 h5 41. Ra7 c4 42. Ra3 Kf5 43. Kf3 Bd5+ 44. Ke3 Kg4 45. Kd4 Be6 46. Ke4 Bf5+ 47. Kd4 Be6 48. Ke3 Bd5 49. Ra5 Be6 50. Kf2 Kh3 51. Kg1 h4 52. Ra3 Kg4 53. Kf2 Bd5 54. Ke3 hxg3 55. hxg3 Be6 56. Ke4 Bf5+ 57. Kd4 Be6 58. Re3 Kh3 59. Kc5 Kg4 60. Kd6 Kh3 61. Ke7 Bd5 62. Kd6 Be6 63. Kc5 Kg4 64. Kd4 Kh3 65. Kc3 Kg4 66. Kd2 Bf5 67. Ke1 Be6 68. Kf2 Bd5 69. Ra3 Kf5 70. Ke3 Kg4 71. Ra5 Be6 72. Kf2 g5 73. Ke3 Kxg3 74. fxg5 Kg4 75. g6 fxg6 76. Ke4 c3 77. Ra1 c2 78. Rg1+ Kh3 79. Kf4 Kh4 80. Rh1+ Bh3 81. Ke3 Kg5 82. Kd2 Be6 83. Rf1 Bf5 84. Re1 Be6 85. Kxc2 Kf4 86. Kd3 g5 87. Kd4 g4 88. Rf1+ Kg5 89. Rf6 g3 90. Ke3 Bd5 91. Rd6 Ba8 92. Rd8 Bc6 93. Rf8 Bd5 94. Ke2 Kg6 95. Ke3 Kg5 96. Rd8 Bc6 97. Rg8+ Kf5 98. Rxg3 Kxe5 {Ke4+} 1/2-1/2

[Event "XXIX Cracovia 2018"]
[Site "Krakow"]
[Date "2018.12.31"]
[Round "6"]
[White "Zakrzewski, Marek"]
[Black "Janik, Igor"]
[Result "0-1"]
[WhiteElo "2311"]
[BlackElo "2476"]
[Annotator "TA"]
[PlyCount "120"]
[EventDate "2018.12.27"]
[EventType "swiss"]
[EventCountry "POL"]
[SourceTitle "playchess.com"]
[Source "ChessBase"]
[SourceQuality "1"]

{[%evp 28,120,5,5,5,14,14,1,22,29,24,-14,0,-4,0,0,0,0,0,0,0,0,0,0,0,0,7,0,0,-16,-16,-16,-16,-16,-16,-16,-8,-16,-8,-16,-16,-21,-22,-101,-96,-75,-76,-116,-114,-129,-114,-114,-114,-114,-114,-114,-112,-137,-95,-127,-116,-148,-51,-50,-44,-56,-51,-162,-166,-486,-486,-486,-486,-479,-472,-464,-454,-448,-313,-206,-110,-356,-327,-454,-454,-322,-432,-303,-303,-327,-323,-29995,-429,-29996,-29997]} 1. e4 c6 2. d4 d5 3. Nd2 dxe4 4. Nxe4 Bf5 5. Ng3 Bg6 6. h4 h6 7. Nf3 e6 8. Ne5 Bh7 9. Bd3 Bxd3 10. Qxd3 Nd7 {B19: Classical Caro-Kann: 4...Bf5 main line} 11. f4 (11. Bf4 Qa5+ 12. c3 Ngf6 13. O-O Be7 14. Nc4 Qd5 15. Ne3 Qb5 16. c4 Qa5 17. b4 Qd8 18. d5 {½-½ (55) Sutovsky,E (2683)-Caruana,F (2799) Douglas 2017}) 11... Be7 12. Bd2 Nxe5 13. fxe5 Bxh4 14. O-O-O Bxg3 15. Qxg3 {LiveBook: 51 Games} Ne7 16. Qxg7 {[%mdl 64] Double Attack} Rg8 17. Qxh6 {White wants to play c3.} Qd5 18. Kb1 {[#] aiming for Bg5.} O-O-O $146 19. Rhg1 Nf5 20. Qh5 Rd7 21. g4 Nxd4 22. Bc3 c5 23. Rgf1 Qe4 24. Bxd4 $1 cxd4 25. Rxf7 Qxg4 26. Qxg4 Rxg4 $11 {[%mdl 4096] Endgame KRR-KRR} 27. Rf6 Re7 28. c3 dxc3 29. Rd6 cxb2 30. Kxb2 Rg2+ 31. Kb3 Rg3+ 32. Kc2 Rh7 33. Rd2 Ra3 34. Kb2 Ra6 35. a3 (35. Rc2+ $11 {remains equal.} Kd7 36. Rf3 Rb6+ 37. Ka3) 35... Rb6+ $17 36. Ka2 Rc6 37. Kb2 Kc7 38. Ka2 Kb6 39. Rd6 Re7 40. Kb3 Kc5 41. Rd3 Rec7 42. a4 a5 43. Rh6 Rf7 44. Ka3 Kc4 (44... Rf1 $17 {And now ...Ra1+ would win.} 45. Rh7 Ra1+ 46. Kb2 Rxa4 47. Rxb7 Rb4+ 48. Rxb4 Kxb4 49. Rb3+ Kc4 50. Rc3+ Kd5) 45. Rb3 $15 Kd4 46. Rh4+ Kd5 47. Rh5 (47. Rh2 $1 $15) 47... Rfc7 $19 48. Rb5+ $2 (48. Rd3+ {is a better chance.} Ke4 49. Rd2) 48... Rc5 $1 49. Rb6 Rc3+ 50. Kb2 Rc2+ 51. Kb1 R2c6 52. Rb5+ {[#]} Rc5 $1 53. Rb6 Rc4 (53... Rc1+ $19 54. Ka2 R7c2+ 55. Rb2 Rxb2+ 56. Kxb2 Rc4) 54. Rd6+ $2 (54. Rb5+ $17 R4c5 55. Rb2) 54... Kc5 55. Rxe6 {[#]} Rb4+ $1 56. Ka2 Rxa4+ 57. Kb3 Rb4+ 58. Ka3 Kb5 {( -> ...Rc3+)} 59. Rf6 $2 (59. Rh3 $19) 59... Rc3+ 60. Ka2 Ka4 {Accuracy: White = 32%, Black = 69%.} 0-1

[Event "XXIX Cracovia 2018"]
[Site "Krakow"]
[Date "2018.12.31"]
[Round "6"]
[White "Grela, Kacper"]
[Black "Cukrowski, Filip"]
[Result "1/2-1/2"]
[WhiteElo "2305"]
[BlackElo "2416"]
[Annotator "NA"]
[PlyCount "41"]
[EventDate "2018.12.27"]
[EventType "swiss"]
[EventCountry "POL"]
[SourceTitle "playchess.com"]
[Source "ChessBase"]
[SourceQuality "1"]
[TimeControl "40/5400+30:1800+30"]

{[%evp 16,40,11,32767,32767,17,10,17,47,32767,0,0,32767,32767,32767,32767,32767,32767,32767,0,0,0,11,19,28,18,22]} 1. d4 {[%emt 0:00:00]} Nf6 {[%emt 0:07:51]} 2. c4 {[%emt 0:01:34]} e6 {[%emt 0:00:26]} 3. Nf3 {[%emt 0:00:09]} b6 {[%emt 0:00:08]} 4. Bf4 {[%emt 0:00:07]} d5 {[%emt 0:05:03] E12: Queen's Indian: Unusual White 4th moves, 4 a3, 4 Nc3 Bb7 5 a3 and 4 Nc3 Bb7} 5. e3 {[%emt 0:00:25]} Bd6 {[%emt 0:00:47]} 6. Bxd6 {[%emt 0:02:40]} Qxd6 {[%emt 0:00:17]} 7. Nc3 {[%emt 0:00:28]} O-O {[%emt 0:00:19]} 8. Bd3 {[%emt 0:01:10]} (8. Rc1 a6 9. cxd5 exd5 10. Bd3 c5 11. dxc5 bxc5 12. O-O Bb7 13. Qb3 Bc6 {1-0 (72) Fedoseev,V (2718)-Akobian,V (2647) Riadh 2017}) 8... Ba6 {[%emt 0:00:35]} 9. cxd5 {[%emt 0:00:47]} exd5 {[%emt 0:03:02]} 10. O-O {[%emt 0:01:30]} Bxd3 {[%emt 0:08:57]} 11. Qxd3 {[%emt 0:02:18]} c6 $146 {[%emt 0:00:05]} ({Predecessor:} 11... a6 12. Rac1 Re8 13. Rfd1 Nbd7 14. h3 {0-1 (47) Casser,A-Bunyan,H IECG email 1999}) 12. Rab1 {[%emt 0:09:19]} Nbd7 {[%emt 0:03:46]} 13. b4 {[%emt 0:00:24]} Rac8 {[%emt 0:02:53]} 14. Rfd1 {[%emt 0:04:23]} Rfe8 {[%emt 0:00:24]} 15. b5 {[%emt 0:08:03]} c5 {[%emt 0:00:20]} 16. dxc5 {[%emt 0:01:01]} Nxc5 {[%emt 0:00:39]} 17. Qd4 {[%emt 0:08:20]} Nce4 {[%emt 0:00:50]} 18. Nxe4 {[%emt 0:01:10]} (18. Nxd5 $2 Nxd5 19. Qxd5 Qxd5 $17) 18... Nxe4 {[%emt 0:05:53]} 19. Rbc1 {[%emt 0:02:07]} Qa3 {[%emt 0:05:18]} 20. Rxc8 {[%emt 0:02:37]} Rxc8 $11 {[%emt 0:02:17]} 21. Qxd5 {[%emt 0:09:11]} 1/2-1/2

[Event "XXIX Cracovia 2018"]
[Site "Krakow"]
[Date "2018.12.31"]
[Round "6"]
[White "Nowicki, Bartosz"]
[Black "Gumularz, Szymon"]
[Result "0-1"]
[WhiteElo "2305"]
[BlackElo "2462"]
[Annotator "RC"]
[PlyCount "66"]
[EventDate "2018.12.27"]
[EventType "swiss"]
[EventCountry "POL"]
[SourceTitle "playchess.com"]
[Source "ChessBase"]
[SourceQuality "1"]
[TimeControl "40/5400+30:1800+30"]

1. e4 {[%emt 0:00:46]} c5 {[%emt 0:00:00]} 2. Nf3 {[%emt 0:00:05]} Nc6 {[%emt 0:00:00]} 3. d4 {[%emt 0:00:05]} cxd4 {[%emt 0:00:00]} 4. Nxd4 {[%emt 0:00:05]} g6 {[%emt 0:01:41]} 5. c4 {[%emt 0:00:10]} Nf6 {[%emt 0:00:07]} 6. Nc3 {[%emt 0:00:05]} d6 {[%emt 0:00:03]} 7. Be2 {[%emt 0:00:08]} Bg7 {[%emt 0:00:15]} 8. Be3 {[%emt 0:00:07]} O-O {[%emt 0:00:05]} 9. O-O {[%emt 0:00:04]} Bd7 {[%emt 0:00:04]} 10. Qd2 {[%emt 0:00:28]} Nxd4 {[%emt 0:00:05]} 11. Bxd4 {[%emt 0:00:05]} Bc6 {[%emt 0:00:07]} 12. Bd3 {[%emt 0:00:54]} a5 {[%emt 0:01:59]} 13. Rae1 {[%emt 0:00:38]} a4 {[%emt 0:01:33]} 14. f4 {[%emt 0:11:19]} e5 {[%emt 0:07:33]} 15. Be3 {[%emt 0:01:59]} exf4 {[%emt 0:02:10]} 16. Rxf4 {[%emt 0:07:16]} Nd7 {[%emt 0:01:19]} 17. Nd5 {[%emt 0:05:26]} Bxd5 {[%emt 0:01:57]} 18. exd5 {[%emt 0:00:05]} Re8 {[%emt 0:03:45]} 19. Qf2 {[%emt 0:04:34]} Bh6 {[%emt 0:09:03]} 20. Re4 {[%emt 0:03:27]} Rxe4 {[%emt 0:04:02]} 21. Bxe4 {[%emt 0:00:06]} Bxe3 {[%emt 0:00:06]} 22. Rxe3 {[%emt 0:18:42]} Ne5 {[%emt 0:04:19]} 23. Rc3 {[%emt 0:00:38]} Qa5 {[%emt 0:10:52]} 24. c5 {[%emt 0:09:48]} Qb4 {[%emt 0:01:04]} 25. Bf3 {[%emt 0:00:17]} dxc5 {[%emt 0:05:25]} 26. Qxc5 {[%emt 0:00:06]} Qxb2 {[%emt 0:03:34]} 27. d6 {[%emt 0:00:09]} Re8 {[%emt 0:06:46]} 28. h3 {[%emt 0:03:54]} Qd2 {[%emt 0:10:59]} 29. Bd5 {[%emt 0:04:57]} b6 {[%emt 0:07:34]} 30. Qb5 {[%emt 0:01:29]} Kg7 {[%emt 0:02:23]} 31. Rc7 {[%emt 0:08:47]} Nf3+ {[%emt 0:02:24]} 32. Bxf3 {[%emt 0:00:06]} Re1+ {[%emt 0:00:03]} 33. Kh2 {[%emt 0:00:15]} Qxd6+ {[%emt 0:00:03]} 0-1

[Event "XXIX Cracovia 2018"]
[Site "Krakow"]
[Date "2018.12.31"]
[Round "6"]
[White "Dzierzak, Radoslaw"]
[Black "Licznerski, Lukasz"]
[Result "1/2-1/2"]
[WhiteElo "2283"]
[BlackElo "2326"]
[Annotator "NA"]
[PlyCount "107"]
[EventDate "2018.12.27"]
[EventType "swiss"]
[EventCountry "POL"]
[SourceTitle "playchess.com"]
[Source "ChessBase"]
[SourceQuality "1"]
[TimeControl "40/5400+30:1800+30"]

1. e4 {[%emt 0:00:00]} e5 {[%emt 0:10:24]} 2. Nf3 {[%emt 0:00:00]} Nc6 {[%emt 0:00:03]} 3. Bb5 {[%emt 0:00:01]} Nf6 {[%emt 0:00:18]} 4. Nc3 {[%emt 0:00:30]} Nd4 {[%emt 0:03:39]} 5. Bc4 {[%emt 0:00:35]} c6 {[%emt 0:00:53] C48: Four Knights: 4 Bb5, replies other than 4...Bb4} (5... Bc5 6. d3 d6 7. Na4 b5 8. Nxd4 bxc4 9. Nf5 Bxf5 10. exf5 cxd3 11. Nxc5 dxc5 12. cxd3 Qd7 13. Qf3 O-O 14. Bg5 Rab8 {½-½ (30) Kovalev,V (2664)-Ragger,M (2686) Batumi 2018}) 6. Nxe5 {[%emt 0:07:01]} d5 {[%emt 0:00:08]} 7. exd5 {[%emt 0:00:54]} Bd6 {[%emt 0:00:03]} 8. Nf3 {[%emt 0:08:26]} Nxf3+ {[%emt 0:00:31]} 9. Qxf3 {[%emt 0:08:03]} O-O {[%emt 0:00:07]} 10. h3 {[%emt 0:03:56] LiveBook: 6 Games} b5 {[%emt 0:04:33]} 11. Be2 {[%emt 0:01:54]} b4 {[%emt 0:00:41]} 12. Nd1 {[%emt 0:01:04]} ({Reject} 12. dxc6 bxc3 13. dxc3 (13. c7 Qxc7 14. Qxa8 Ba6 $19) 13... Re8 $17) 12... cxd5 {[%emt 0:04:02]} 13. d4 $146 {[%emt 0:07:55]} ({Predecessor:} 13. O-O) 13... Qc7 {[%emt 0:13:31]} 14. Bd3 {[%emt 0:03:39]} Re8+ {[%emt 0:02:05]} 15. Be3 {[%emt 0:02:22]} Qb6 {[%emt 0:03:04]} 16. O-O $11 {[%emt 0:00:26]} Bb8 {[%emt 0:00:03]} 17. Bf4 {[%emt 0:11:45]} Qxd4 {[%emt 0:00:41]} 18. Bxb8 {[%emt 0:00:17]} Rxb8 {[%emt 0:00:01]} 19. Ne3 {[%emt 0:01:45]} Qxb2 {[%emt 0:17:07]} 20. Nxd5 {[%emt 0:00:51]} Nxd5 {[%emt 0:00:12]} 21. Qxd5 {[%emt 0:00:33]} Be6 {[%emt 0:00:18]} 22. Qc5 {[%emt 0:04:57]} Qa3 {[%emt 0:01:42]} 23. f4 {[%emt 0:02:05]} Rec8 {[%emt 0:03:44]} 24. Qd4 {[%emt 0:03:47]} Rd8 {[%emt 0:09:02]} 25. Qf2 {[%emt 0:02:58]} Bd5 {[%emt 0:04:27]} 26. Qh4 {[%emt 0:05:47]} h6 {[%emt 0:00:59]} 27. Qh5 {[%emt 0:04:41]} Qc3 {[%emt 0:05:56]} 28. Qf5 {[%emt 0:05:13]} g6 {[%emt 0:00:39]} 29. Qg4 {[%emt 0:01:43]} Bc4 {[%emt 0:01:52]} 30. f5 {[%emt 0:03:14]} Bxd3 {[%emt 0:00:38]} 31. cxd3 {[%emt 0:00:04]} g5 {[%emt 0:01:28]} 32. f6 {[%emt 0:04:28]} Qd4+ {[%emt 0:01:32]} 33. Qxd4 {[%emt 0:00:52]} Rxd4 {[%emt 0:00:02]} 34. Rac1 {[%emt 0:01:01]} Rxd3 {[%emt 0:00:58]} 35. Rc7 {[%emt 0:00:15]} Ra3 {[%emt 0:00:31]} 36. Rf2 {[%emt 0:00:52]} Rf8 {[%emt 0:06:26]} 37. h4 {[%emt 0:01:14]} Kh7 {[%emt 0:04:16]} 38. hxg5 {[%emt 0:02:36]} hxg5 {[%emt 0:00:22]} 39. Rc5 {[%emt 0:00:24]} Kg6 {[%emt 0:01:36]} 40. Rff5 {[%emt 0:00:00]} Rb8 {[%emt 0:00:00]} 41. Rxg5+ {[%emt 0:02:55]} Kxf6 {[%emt 0:03:01]} 42. Rgf5+ {[%emt 0:02:05]} Kg6 {[%emt 0:04:58]} 43. Rg5+ {[%emt 0:00:37]} Kf6 {[%emt 0:00:04]} 44. Rgf5+ {[%emt 0:00:09]} Kg7 {[%emt 0:00:11]} 45. Ra5 {[%emt 0:02:45]} Rxa5 46. Rxa5 {[%emt 0:00:06]} Rb7 {[%emt 0:02:56]} 47. Ra6 {[%emt 0:00:45]} Kf8 {[%emt 0:01:55]} 48. Kf2 {[%emt 0:01:39]} Ke7 {[%emt 0:00:01]} 49. Ke3 {[%emt 0:01:31]} b3 {[%emt 0:00:42]} 50. axb3 {[%emt 0:00:05]} Rxb3+ {[%emt 0:00:03]} 51. Ke4 {[%emt 0:01:17]} Rb7 {[%emt 0:00:20]} 52. Ke5 {[%emt 0:01:24]} Kd7 {[%emt 0:08:02]} 53. g4 {[%emt 0:01:38]} Ke7 {[%emt 0:00:47]} 54. Ke4 1/2-1/2

[Event "XXIX Cracovia 2018"]
[Site "Krakow"]
[Date "2018.12.31"]
[Round "6"]
[White "Marszalek, Maciej"]
[Black "Jarmula, Lukasz"]
[Result "1/2-1/2"]
[WhiteElo "2280"]
[BlackElo "2481"]
[Annotator "TA"]
[PlyCount "81"]
[EventDate "2018.12.27"]
[EventType "swiss"]
[EventCountry "POL"]
[SourceTitle "playchess.com"]
[Source "ChessBase"]
[SourceQuality "1"]

{[%evp 23,81,-45,-38,-63,-55,-62,-58,-67,-55,-54,-34,-45,-50,-54,-38,-64,-52,-88,-81,-114,-118,-126,-117,-132,-125,-138,-65,-148,-122,-132,-108,-109,-68,-81,0,0,0,0,66,-43,40,37,120,118,104,45,37,37,239,47,31,44,41,90,73,33,33,31,35,0]} 1. Nf3 c5 2. c4 Nc6 3. Nc3 g6 4. g3 Bg7 5. Bg2 d6 6. O-O e5 7. d3 Nge7 8. Ne1 {[%cal Bf3e1,Be1c2,Bc2e3,Be3c4][%mdl 32]} Be6 9. Nc2 d5 10. cxd5 Nxd5 11. Ne3 {A37: Symmetrical English vs ...g6: 4 Bg2 Bg7 5 Nf3} Nde7 12. Nc4 O-O {LiveBook: 3 Games} 13. Be3 {Black is slightly better.} (13. a4 Rb8 14. a5 h6 15. f4 Kh7 16. fxe5 Nxe5 17. Bf4 Bxc4 18. dxc4 Nxc4 19. Bxb8 Qxb8 {½-½ (40) Cyborowski,L (2543)-Istratescu,A (2651) Legnica 2013}) 13... b6 14. Qc1 Rc8 $146 ({Predecessor:} 14... Re8 15. Bh6 Bh8 16. Ne4 Nd5 17. Ng5 Bc8 18. Ne3 Nce7 19. Nxd5 Nxd5 {½-½ (51) Voiska,M (2350)-Ernst,T (2450) Belgrade 1988}) 15. Bh6 Nd5 16. Bxg7 Kxg7 17. Ne3 {[%cal Rc3d5]} Nde7 {[%cal Bd5e7,Be7c6,Bc6b4][%mdl 32]} 18. Nc4 a6 19. a4 f6 20. Kh1 Nd4 $36 {[%mdl 2048] Black is on the roll.} 21. Nd2 Nec6 22. Qd1 Nb4 23. Rc1 Rc7 24. Qe1 Re7 (24... f5 $17 25. Kg1 Re8) 25. f3 (25. a5 $1 $15) 25... f5 26. Qf2 Bc8 27. Nc4 h5 28. Rcd1 Bb7 (28... f4 $17) 29. f4 $11 exf4 30. gxf4 Qa8 (30... Bxg2+ $11 31. Qxg2 Qe8) 31. e4 (31. Rg1 $1 $14) 31... fxe4 ({Black should try} 31... Re6 $15) 32. dxe4 $14 {Black must now prevent Nd6.} Qb8 (32... Rf6 $1 $14) 33. Nxb6 {And now Rxd4 would win.} Bxe4 34. Nxe4 (34. Bxe4 $16 Qxb6 35. Rg1) 34... Qxb6 {[#]} 35. Nxc5 $1 {[%mdl 512]} Ne2 $2 (35... Qxc5 $14 36. Rxd4 Nc6) 36. Rd7 $2 ({White should play} 36. Be4 $18) 36... Rxd7 37. Nxd7 Qxf2 38. Rxf2 Rd8 39. Rxe2 (39. Bh3 $5 {[%cal Rf2e2]} Nd4 40. Rd2 $16) 39... Rxd7 40. Be4 Rf7 41. f5 {Precision: White = 31%, Black = 37%.} 1/2-1/2

[Event "XXIX Cracovia 2018"]
[Site "Krakow"]
[Date "2018.12.31"]
[Round "6"]
[White "Czerw, Dawid"]
[Black "Mosesov, Danylo"]
[Result "0-1"]
[WhiteElo "2275"]
[BlackElo "2343"]
[Annotator "NA"]
[PlyCount "52"]
[EventDate "2018.12.27"]
[EventType "swiss"]
[EventCountry "POL"]
[SourceTitle "playchess.com"]
[Source "ChessBase"]
[SourceQuality "1"]
[TimeControl "40/5400+30:1800+30"]

1. d4 {[%emt 0:00:00]} Nf6 {[%emt 0:00:00]} 2. c4 {[%emt 0:00:00]} e6 {[%emt 0:00:00]} 3. g3 {[%emt 0:00:00]} d5 {[%emt 0:00:00]} 4. Bg2 {[%emt 0:00:00]} dxc4 {[%emt 0:01:07]} 5. Nf3 {[%emt 0:01:47]} b5 {[%emt 0:00:20]} 6. a4 {[%emt 0:02:49]} c6 {[%emt 0:01:14]} 7. O-O {[%emt 0:03:47]} Bb7 {[%emt 0:00:27]} 8. b3 {[%emt 0:01:59]} cxb3 {[%emt 0:03:27]} 9. Qxb3 {[%emt 0:00:44]} a6 {[%emt 0:00:30]} 10. Ne5 {[%emt 0:13:35]} Qxd4 {[%emt 0:06:13]} 11. Bb2 {[%emt 0:00:12]} Qb6 {[%emt 0:01:13]} 12. Rc1 {[%emt 0:13:02]} Bc5 {[%emt 0:09:27]} 13. Nd3 {[%emt 0:04:35]} Be7 {[%emt 0:02:43]} 14. a5 {[%emt 0:17:44]} (14. Ba3 $11 {remains equal.}) 14... Qd8 {[%emt 0:04:01]} 15. Ne5 $17 {[%emt 0:08:41]} (15. Nc3 $15) 15... Qc7 {[%emt 0:03:14]} 16. Na3 {[%emt 0:04:21]} O-O {[%emt 0:01:39]} 17. g4 {[%emt 0:03:18]} c5 {[%emt 0:05:03]} 18. g5 {[%emt 0:02:56]} Bxg2 {[%emt 0:02:47]} 19. Kxg2 {[%emt 0:05:25]} Nd5 {[%emt 0:00:09]} 20. e4 {[%emt 0:02:24]} Nf4+ {[%emt 0:01:34]} 21. Kh1 {[%emt 0:01:22]} Bxg5 {[%emt 0:01:52]} 22. Qg3 {[%emt 0:03:14]} f6 {[%emt 0:02:04]} 23. Nd3 {[%emt 0:03:33]} c4 {[%emt 0:01:58]} 24. Nxc4 {[%emt 0:03:34]} bxc4 {[%emt 0:00:15]} 25. Ra4 {[%emt 0:00:15]} Qd7 {[%emt 0:02:49]} 26. Nc5 {[%emt 0:01:52]} Qd2 {[%emt 0:00:50]} 0-1

[Event "XXIX Cracovia 2018"]
[Site "Krakow"]
[Date "2018.12.31"]
[Round "6"]
[White "Zochowski, Kacper"]
[Black "Kosakowski, Jakub"]
[Result "0-1"]
[WhiteElo "2271"]
[BlackElo "2415"]
[Annotator "TA"]
[PlyCount "102"]
[EventDate "2018.12.27"]
[EventType "swiss"]
[EventCountry "POL"]
[SourceTitle "playchess.com"]
[Source "ChessBase"]
[SourceQuality "1"]

{[%evp 23,102,-16,25,16,20,0,0,0,17,0,0,0,0,0,0,-22,-4,-6,11,6,9,0,0,-14,-21,-58,-51,-68,-50,-50,-50,-58,-61,-59,-58,-42,-41,-34,-40,-29,-9,-16,-29,-145,-165,-135,-123,-139,-124,-281,-273,-388,-388,-381,-381,-381,-381,-381,-381,-373,-373,-922,-437,-2331,-2316,-1587,-407,-1225,-1050,-891,-891,-612,-477,-1467,-1326,-1255,-1200,-1111,-1098,-1479,-1125]} 1. d4 Nf6 2. Nf3 e6 3. Bf4 c5 4. e3 Nc6 5. c3 d5 6. Nbd2 Bd6 7. Bg3 O-O 8. Bd3 b6 9. Ne5 {D02: 1 d4 d5 2 Nf3 sidelines, including 2...Nf6 3 g3 and 2...Nf6 3 Bf4} (9. Qe2 Bb7 10. Rd1 Re8 11. e4 e5 12. dxe5 Nxe5 13. Nxe5 Bxe5 14. f4 dxe4 15. Bb5 Bc7 16. Nc4 Qe7 17. Bxe8 Rxe8 {1-0 (61) Le,Q (2739)-Caruana,F (2807) Saint Louis 2017}) 9... Ne7 10. O-O Bb7 11. Qe2 Nf5 12. Bf4 Be7 {LiveBook: 3 Games} 13. Rfd1 $146 ({Predecessor:} 13. Bb5 Qc8 14. Bd3 Nd6 15. a4 a6 16. Bg5 Qd8 17. Bc2 Rc8 {1-0 (78) Tsydypov,Z (2529)-Antonenko,V (2330) Sochi 2017}) 13... Nd6 14. h3 c4 15. Bc2 b5 16. Bg5 Nfe4 17. Bxe7 Qxe7 18. f3 Nxd2 19. Rxd2 a5 (19... f6 $5 20. Ng4 $8 f5 $11) 20. e4 Rad8 21. exd5 Bxd5 22. Be4 {White wants to play Bxd5.} Qb7 {[%cal Rd5e4]} 23. Bxd5 exd5 24. Qd1 Rfe8 25. Qc2 f6 26. Ng4 Qd7 27. Rdd1 h5 28. Nh2 Qf5 29. Qd2 Re7 $36 {[%mdl 2048] Black has the initiative.} 30. Re1 Rde8 {Threatens to win with ...Qd3.} 31. Nf1 Kf7 32. Rxe7+ Rxe7 33. a4 (33. Re1 $11) 33... bxa4 $1 $17 34. Ng3 Qd3 35. Qf4 Re6 {Strongly threatening ...a3!} 36. Nxh5 $2 (36. h4 $17) 36... g5 $1 $19 {[%cal Rg5f4]} 37. Qg4 (37. Qg3 {is the only way for White.} Qd2 38. Kh2 Qxb2 39. Rxa4 Qxc3 40. Qg4) 37... Qe3+ 38. Kh2 f5 39. Qg3 Kg6 40. Rxa4 Kxh5 41. Rxa5 Qc1 $1 {aiming for ...Re1.} 42. h4 $2 ({Don't play} 42. Rxd5 Re1 $19) (42. Ra7 Ne8 43. h4) 42... gxh4 (42... Nf7 $142 43. Qc7 Nh6) 43. Qg7 (43. Qg8 $142 Qf4+ 44. Kh3) 43... Qf4+ 44. Kh3 Qg5 (44... Ne8 $142 45. Qg8 {[#]} Nf6 $1 {[%mdl 512]} 46. Qh8+ Kg6 47. Qxh4 Ng4 $1 {[%mdl 512]} 48. g3 Qc1 49. Qxg4+ fxg4+ 50. Kxg4 Qg5+ 51. Kh3 Qh5+ {[%mdl 64] Double Attack} 52. Kg2 Re2+ {[%mdl 64] Double Attack} 53. Kg1 Qh2+ {[%mdl 64] Double Attack} 54. Kf1 Qg2#) 45. g4+ (45. Qxg5+ $142 Kxg5 46. Rxd5) 45... hxg3 $1 {( -> ...Qh4+). Black is clearly winning.} 46. Qxg5+ Kxg5 47. Kxg3 {KRN-KR} f4+ 48. Kh3 (48. Kf2 $142 Nf5 49. Rxd5) 48... Nf5 49. Rxd5 Re3 50. Kg2 Re2+ 51. Kh3 Rf2 {Accuracy: White = 36%, Black = 74%.} 0-1